00742nam a2200169 i 4500001000700000003000900007005001700016007000300033008004100036245023200077260007000309300002000379505006200399651003100461710005400492852002600546113809ES-MaACL20250603181632.0t|061121s1904 sp |||| | spa d00aNomenclátor de las ciudades, villas, lugares, aldeas y demás entidades de población de España / cformado por la Dirección General del Instituto Geográfico y Estadístico, con referencia al 31 de diciembre de 1900. aMadrid : b[s.n.], c1904 (fTalleres del Instituto Geográfico) a2 v. ; c24 cm.8 aContiene: I ; tÁlava a Lugo - II ; tMadrid a Zaragoza 7aEspaña-xNomencladores22 aInstituto Geográfico y Estadístico (España) aES-MaACLjG-3299-3300